000
00294nam a22001337a 4500
008
180906b xxu||||| |||| 00| 0 eng d
020
_a
9780855327408
041
_a
eng
080
_a
701
100
_a
45
101
_a
ART
245
_a
Painting With Pastels
_c
Johnson.P.D
942
_2
udc
_c
BK
999
_c
47578
_d
47578